<?xml version="1.0" encoding="UTF-8"?>
<collection xmlns="http://www.loc.gov/MARC21/slim">
  <record>
    <leader>00000nam  2200000   4500</leader>
    <controlfield tag="001">$a INLIS000000000020953</controlfield>
    <controlfield tag="005">$a 20260701111135</controlfield>
    <controlfield tag="008">$a 260701################g##########0#eng##</controlfield>
    <datafield tag="020" ind1="#" ind2="#">
      <subfield code="a"/>
    </datafield>
    <datafield tag="035" ind1="#" ind2="#">
      <subfield code="a">0010-0726000001</subfield>
    </datafield>
    <datafield tag="082" ind1="#" ind2="#">
      <subfield code="a">352</subfield>
    </datafield>
    <datafield tag="084" ind1="#" ind2="#">
      <subfield code="a">352 EDD o</subfield>
    </datafield>
    <datafield tag="100" ind1="1" ind2="#">
      <subfield code="a">Keith J. Eddey</subfield>
    </datafield>
    <datafield tag="245" ind1="#" ind2="#">
      <subfield code="a">An Outline of Local Government Law</subfield>
      <subfield code="b"/>
      <subfield code="c">Keith J. Eddey</subfield>
    </datafield>
    <datafield tag="264" ind1="#" ind2="#">
      <subfield code="a"/>
      <subfield code="b"/>
      <subfield code="c"/>
    </datafield>
    <datafield tag="300" ind1="#" ind2="#">
      <subfield code="a">233 halaman</subfield>
      <subfield code="b">ilus</subfield>
      <subfield code="c">21,5 cm</subfield>
      <subfield code="e"/>
    </datafield>
    <datafield tag="520" ind1=" " ind2="#">
      <subfield code="a"/>
    </datafield>
    <datafield tag="650" ind1=" " ind2="#">
      <subfield code="a">Adminsitrasi Negara</subfield>
    </datafield>
    <datafield tag="700" ind1=" " ind2="#">
      <subfield code="a"/>
    </datafield>
    <datafield tag="856" ind1="#" ind2="#">
      <subfield code="a"/>
    </datafield>
    <controlfield tag="csr">$a e7833d47b222a5c64c346919160395db</controlfield>
  </record>
</collection>
